Ornithology (Record no. 3900)

MARC details
000 -LEADER
fixed length control field 00606nam a22002297a 4500
003 - CONTROL NUMBER IDENTIFIER
control field OSt
005 - DATE AND TIME OF LATEST TRANSACTION
control field 20231216114205.0
008 - FIXED-LENGTH DATA ELEMENTS--GENERAL INFORMATION
fixed length control field 160509b xxu||||| |||| 00| 0 eng d
020 ## - INTERNATIONAL STANDARD BOOK NUMBER
International Standard Book Number 9780716724155
020 ## - INTERNATIONAL STANDARD BOOK NUMBER
International Standard Book Number 0534550908
040 ## - CATALOGING SOURCE
Transcribing agency DDC.
082 ## - DEWEY DECIMAL CLASSIFICATION NUMBER
Classification number 598 GIL 1995.
100 ## - MAIN ENTRY--PERSONAL NAME
Personal name Edited by Gill, B. Frank;
9 (RLIN) 8557
245 ## - TITLE STATEMENT
Title Ornithology
250 ## - EDITION STATEMENT
Edition statement 2nd ed.
260 ## - PUBLICATION, DISTRIBUTION, ETC. (IMPRINT)
Place of publication, distribution, etc. New York;
Name of publisher, distributor, etc. W.H Freeman and Company,
Date of publication, distribution, etc. 1995.
300 ## - PHYSICAL DESCRIPTION
Extent xxvii,766p;
Other physical details ill;
Dimensions 26cm.
504 ## - BIBLIOGRAPHY, ETC. NOTE
Bibliography, etc includes Appendix,Bibliography and index.
650 ## - SUBJECT ADDED ENTRY--TOPICAL TERM
Topical term or geographic name as entry element Ornithology
9 (RLIN) 8558
650 ## - SUBJECT ADDED ENTRY--TOPICAL TERM
Topical term or geographic name as entry element Birds
9 (RLIN) 5482
942 ## - ADDED ENTRY ELEMENTS (KOHA)
Source of classification or shelving scheme Dewey Decimal Classification
Koha item type Short Loan
Holdings
Withdrawn status Lost status Source of classification or shelving scheme Damaged status Not for loan Home library Current library Date acquired Source of acquisition Inventory number Total Checkouts Full call number Barcode Date last seen Koha item type
    Dewey Decimal Classification     MUST Main Library MUST Main Library 09/05/2016   00/14526   598 GIL1995. 2016-1624 09/05/2016 Short Loan
    Dewey Decimal Classification     MUST Main Library MUST Main Library 16/05/2016   00/14525   598 GIL1995. 2016-1950 16/05/2016 Short Loan
    Dewey Decimal Classification     MUST Main Library MUST Main Library 16/05/2016   04/21585   598 GIL1995. 2016-1951 16/05/2016 Short Loan
    Dewey Decimal Classification     MUST Main Library MUST Main Library 22/06/2016   06/28094   598 GIL1995. 2016-2621 22/06/2016 Open Shelf